Catalog

Record Details

Catalog Search



The gingham dog and the calico cat  Cover Image Book Book

The gingham dog and the calico cat / Eugene Field ; illustrated by Janet Street.

Field, Eugene, 1850-1895 (Author). Street, Janet. (Added Author).

Summary:

A fight erupts during the middle of the night between two stuffed animals in an antique shop.

Record details

  • ISBN: 0399221514
  • Physical Description: [32] pages : color illustrations ; 28 cm.
  • Publisher: New York : Philomel Books, c1990.
Subject: Toys > Juvenile poetry.
Children's poetry, American.
Toys > Poetry > Juvenile literature.
Dogs > Juvenile poetry.
Cats > Poetry > Juvenile literature.
American poetry > Juvenile literature.

LDR 01156cam a2200301 a 4500
001122560
003CONS
00520140703073259.0
008891122s1990 nyua j 000 0 eng
010 . ‡a 89070961
020 . ‡a0399221514
035 . ‡a(CPomAG)LMN477815
05000. ‡aPS1667 ‡b.G56 1990
08200. ‡a811/.4 ‡220
1001 . ‡aField, Eugene, ‡d1850-1895.
24514. ‡aThe gingham dog and the calico cat / ‡cEugene Field ; illustrated by Janet Street.
260 . ‡aNew York : ‡bPhilomel Books, ‡cc1990.
300 . ‡a[32] pages : ‡bcolor illustrations ; ‡c28 cm.
520 . ‡aA fight erupts during the middle of the night between two stuffed animals in an antique shop.
650 0. ‡aToys ‡vJuvenile poetry.
650 0. ‡aChildren's poetry, American.
650 0. ‡aToys ‡vPoetry ‡vJuvenile literature.
650 0. ‡aDogs ‡vJuvenile poetry.
650 0. ‡aCats ‡vPoetry ‡vJuvenile literature.
650 0. ‡aAmerican poetry ‡vJuvenile literature.
7001 . ‡aStreet, Janet.
959 . ‡i32269000227770 ‡lJ 811 Fie ‡aJuvenile - NonFiction ‡tJuv Nonfiction ‡g14.95
852 . ‡p32269000227770 ‡jJ 811 Fie ‡gJuvenile - NonFiction ‡cJuv Nonfiction ‡y14.95 ‡bSBPL
901 . ‡a122560 ‡bUnknown ‡c122560 ‡tbiblio

Additional Resources